The post office book : (Record no. 179)

MARC details
000 -LEADER
fixed length control field 01027nam a22002777a 4500
001 - CONTROL NUMBER
control field 179
003 - CONTROL NUMBER IDENTIFIER
control field FISKH
005 - DATE AND TIME OF LATEST TRANSACTION
control field 20251203083556.0
008 - FIXED-LENGTH DATA ELEMENTS--GENERAL INFORMATION
fixed length control field 230302b cb ||||| |||| 00| 0 eng d
040 ## - CATALOGING SOURCE
Original cataloging agency DLC
Transcribing agency DLC
Modifying agency DLC
-- FISKH
Language of cataloging eng
050 00 - LIBRARY OF CONGRESS CALL NUMBER
Classification number HE6371
Item number .G5 1982
082 00 - DEWEY DECIMAL CLASSIFICATION NUMBER
Classification number 383/.4973
Edition number 19
100 1# - MAIN ENTRY--PERSONAL NAME
Personal name Gibbons, Gail.
245 14 - TITLE STATEMENT
Title The post office book :
Remainder of title Mail and how it moves /
Statement of responsibility, etc. by Gail Gibbons.
260 ## - PUBLICATION, DISTRIBUTION, ETC.
Place of publication, distribution, etc. New York :
Name of publisher, distributor, etc. Scholastic,
Date of publication, distribution, etc. 1982
300 ## - PHYSICAL DESCRIPTION
Extent 28 unnumbered pages :
Other physical details color illustrations ;
Dimensions 18 x 22 cm
505 ## - FORMATTED CONTENTS NOTE
Formatted contents note L<br/>
520 ## - SUMMARY, ETC.
Summary, etc. A step-by-step description of what happens to mail from the time it is deposited in the mailbox to its arrival at its destination. Also includes brief historical facts about mail service in the United States.
521 8# - TARGET AUDIENCE NOTE
Target audience note 510<br/><br/>
Source Lexile Adjusted<br/>
521 8# - TARGET AUDIENCE NOTE
Target audience note L<br/>
Source Raz-Plus
521 8# - TARGET AUDIENCE NOTE
Target audience note <br/>
650 #0 - SUBJECT ADDED ENTRY--TOPICAL TERM
Topical term or geographic name entry element Postal service
Geographic subdivision United States
General subdivision Juvenile literature.
650 #1 - SUBJECT ADDED ENTRY--TOPICAL TERM
Topical term or geographic name entry element Postal service.
906 ## - LOCAL DATA ELEMENT F, LDF (RLIN)
a 7
b cbc
c orignew
d 1
e ocip
f 19
g y-gencatlg
942 ## - ADDED ENTRY ELEMENTS (KOHA)
Source of classification or shelving scheme Dewey Decimal Classification
Koha item type Books
Suppress in OPAC No
Holdings
Withdrawn status Lost status Source of classification or shelving scheme Damaged status Not for loan Collection Home library Current library Shelving location Date acquired Total Checkouts Full call number Barcode Date last seen Copy number Price effective from Koha item type
    Dewey Decimal Classification     Non-Fiction Footprints International School Library Network Toul Kork Campus Footprints International School Library Network Toul Kork Campus TTP Secondary Non-Fiction Bookshelves 03/02/2023   GIB 383.4973 HE6371.G5 FISTK02240 03/02/2023 1 03/02/2023 Books
    Dewey Decimal Classification     Non-Fiction Footprints International School Library Network Toul Kork Campus Footprints International School Library Network Toul Kork Campus A TK Campus, 4th Floor, Room B401, Non-Fiction Bookcases(7-8) 10/30/2024   GIB 383.4973 HE6371.G5 2024-2253 10/30/2024 2 10/30/2024 Books
    Dewey Decimal Classification     Non-Fiction Footprints International School Library Network Toul Tom Poung Campus Footprints International School Library Network Toul Tom Poung Campus TTP Secondary Non-Fiction Bookshelves 07/31/2025   GIB 383.4973 HE6371.G5 FIS02046 07/31/2025 3 07/31/2025 Books
    Dewey Decimal Classification     Non-Fiction Footprints International School Library Network Toul Tom Poung Campus Footprints International School Library Network Toul Tom Poung Campus TTP Secondary Non-Fiction Bookshelves 12/03/2025   GIB 383.4973 HE6371.G5 FISBK04327 12/03/2025 4 12/03/2025 Books